| 000 | 00307nam a2200109Ia 4500 | ||
|---|---|---|---|
| 008 | 230907s9999||||xx |||||||||||||| ||und|| | ||
| 082 |
_a621.4021 _bRAU |
||
| 100 |
_aRauf, Bobby _9118026 |
||
| 245 |
_aThermodynamics made simple for energy engineers / _cBobby Rauf. |
||
| 260 | _c2019-09-27 | ||
| 942 |
_2ddc _cEB |
||
| 999 |
_c599674 _d599674 |
||